000 00619nam a2200253Ia 4500
003 OSt
005 20220912145015.0
006 a|||||r|||| 00| 0
007 ta
008 220909b |||||||| |||| 00| 0 eng d
024 _a72406
037 _cTextual
040 _aCSL
_beng
_cCSL
041 _aeng
082 _aD7:4, M0
100 _aGarnell P
245 0 _aGuided weapon control systems
250 _a2
260 _aOxford
_bPergamon Press
_c1980
300 _ax, 244p.
_ccm.
650 _aNuclear engineering
942 _hD7:4, M0
_cTEXL
_2CC
999 _c20753
_d20753